000 00396nam a2200145Ia 4500
008 100204s9999 xx 000 0 und d
082 _b24192
100 _aगवस राजन
245 _aतणकट
260 _b"साकेत प्रकाशन , औरंगाबाद"
_c1998
300 _a239
630 _aतणकट
730 _aतणकट
942 _cBOOK
999 _c469373
_d469370